书目信息 |
| 题名: |
从拖延到自律
|
|
| 作者: | 舒娅 著 | |
| 分册: | ||
| 出版信息: | 北京 中国纺织出版社有限公司 2019 |
|
| 页数: | 198页 | |
| 开本: | 21cm | |
| 丛书名: | ||
| 单 册: | ||
| 中图分类: | C936-49 , C936 | |
| 科图分类: | ||
| 主题词: | 自律--通俗读物 | |
| 电子资源: | ||
| ISBN: | 978-7-5180-6472-4 | |
| 000 | 00817nam0 2200241 450 | |
| 001 | 2064845626 | |
| 005 | 20201127180141.82 | |
| 010 | @a978-7-5180-6472-4@dCNY42.80 | |
| 100 | @a20190930d2019 em y0chiy50 ea | |
| 101 | 0 | @achi |
| 102 | @aCN@b110000 | |
| 105 | @ay z 000yy | |
| 200 | 1 | @a从拖延到自律@9cong tuo yan dao zi lv@b专著@e超级自控力训练计划@f舒娅著 |
| 210 | @a北京@c中国纺织出版社有限公司@d2019 | |
| 215 | @a198页@d21cm | |
| 330 | @a本书从环境、目标、行动、时间、思维等几个方面为读者提供了丰富且有针对性的解决策略和训练方案,帮助读者养成自律习惯,终结拖延。 | |
| 517 | 1 | @a超级自控力训练计划@9chao ji zi kong li xun lian ji hua |
| 606 | 0 | @a自律@j通俗读物 |
| 690 | @aC936-49@v5 | |
| 690 | @aC936@v4 | |
| 701 | 0 | @a舒娅@9shu ya@4著 |
| 801 | 2 | @aCN@b58marc.cn@c20191208 |
| 905 | @aMUSE@dC936@e34 | |
| 从拖延到自律:超级自控力训练计划/舒娅著.-北京:中国纺织出版社有限公司,2019 |
| 198页;21cm |
| ISBN 978-7-5180-6472-4:CNY42.80 |
| 本书从环境、目标、行动、时间、思维等几个方面为读者提供了丰富且有针对性的解决策略和训练方案,帮助读者养成自律习惯,终结拖延。 |
| ● |
| 相关链接 |
|
|
|
正题名:从拖延到自律
索取号:C936/34
 
预约/预借
| 序号 | 登录号 | 条形码 | 馆藏地/架位号 | 状态 | 备注 |
| 1 | 871572 | 2000871572 | 第二书库/ [索取号:C936/34] | 在馆 | |
| 2 | 871573 | 2000871573 | 第二书库/ [索取号:C936/34] | 在馆 | |
| 3 | 871574 | 2000871574 | 第二书库/ [索取号:C936/34] | 在馆 |